NC State Basketball: Top 10 All-Time Leaders - Statistics

General Stats
  • This quiz has been taken 50 times
    20 since last reset
  • The average score is 30 of 90
Answer Stats
Category # Player Amount % Correct
Field Goal Percent 7 D.J. Burns 54.4%
89%
Points 2 David Thompson 2,309
84%
Field Goal Percent 5 David Thompson 55.3%
84%
Points Per Game 1 David Thompson 26.8
84%
Three Pointers Made 8 Terquavion Smith 187
79%
Points Per Game 8 Terquavion Smith 17.1
79%
Field Goal Percent 8 Tracy Smith 52.0%
79%
Assists 9 Anthony Barber 403
68%
Rebounds 10 Kevin Thompson 815
68%
Blocks 3 Kevin Thompson 150
68%
Field Goal Percent 1 Kevin Thompson 58.8%
68%
Rebounds 5 Mel Thompson 1,040
68%
Three Pointers Made 1 Scott Wood 334
68%
Games 1 Scott Wood 138
68%
Field Goal Percent 4 T.J. Warren 55.5%
68%
Points Per Game 7 T.J. Warren 18.5
68%
Blocks 1 BeeJay Anya 243
63%
Assists 1 Chris Corchiani 1,038
63%
Steals 1 Chris Corchiani 328
63%
Points 9 Tom Burleson 1,598
63%
Rebounds 2 Tom Burleson 1,066
63%
Field Goal Percent 10 Tom Burleson 51.6%
63%
Points Per Game 5 Tom Burleson 19.0
63%
Blocks 7 C.J. Leslie 136
58%
Assists 3 Markell Johnson 607
53%
Steals 10 Markell Johnson 165
53%
Blocks 2 Thurl Bailey 207
53%
Field Goal Percent 6 Lorenzo Charles 55.3%
47%
Points 1 Rodney Monroe 2,551
47%
Three Pointers Made 2 Rodney Monroe 322
47%
Points Per Game 3 Rodney Monroe 20.6
47%
Assists 2 Sidney Lowe 762
47%
Steals 3 Sidney Lowe 220
47%
Rebounds 9 Tom Gugliotta 820
42%
Steals 6 Tom Gugliotta 173
42%
Three Pointers Made 9 Tom Gugliotta 183
42%
Field Goal Percent 3 Chucky Brown 55.7%
37%
Blocks 8 Cozell McQueen 121
37%
Games T3 Cozell McQueen 134
37%
Assists 4 Lorenzo Brown 589
37%
Steals 7 Lorenzo Brown 172
37%
Points 7 Ronnie Shavlik 1,740
32%
Rebounds 1 Ronnie Shavlik 1,567
32%
Points Per Game 6 Ronnie Shavlik 18.7
32%
Rebounds 4 Richard Howell 1,055
26%
Games T5 Richard Howell 132
26%
Points 10 Todd Fuller 1,589
26%
Rebounds 7 Todd Fuller 887
26%
Blocks T4 Todd Fuller 147
26%
Points 3 Julius Hodge 2,040
21%
Assists 6 Julius Hodge 454
21%
Three Pointers Made T4 Braxton Beverly 218
16%
Steals 5 Justin Gainey 190
16%
Points 6 Kenny Carr 1,772
16%
Field Goal Percent 9 Kenny Carr 51.6%
16%
Points Per Game 2 Kenny Carr 20.6
16%
Assists 10 Nate McMillan 402
16%
Points 8 Anthony Grundy 1,641
11%
Steals 2 Anthony Grundy 239
11%
Three Pointers Made T4 Archie Miller 218
11%
Blocks 10 Cedric Simmons 115
11%
Three Pointers Made 3 Engin Atsur 223
11%
Games T3 Ernie Myers 134
11%
Points 5 Hawkeye Whitney 1,964
11%
Steals 9 Hawkeye Whitney 166
11%
Points Per Game 9 Hawkeye Whitney 16.8
11%
Three Pointers Made 6 Ilian Evtimov 199
11%
Games T7 Ilian Evtimov 131
11%
Games 2 Lennard Freeman 136
11%
Blocks T4 Manny Bates 147
11%
Steals 8 Cliff Crawford 167
5%
Assists 5 Clyde Austin 473
5%
Assists 8 Curtis Marshall 430
5%
Three Pointers Made 10 Curtis Marshall 179
5%
Games T5 Gavin Grant 132
5%
Rebounds 6 John Richter 936
5%
Rebounds 8 Kenny Inge 834
5%
Three Pointers Made 7 Lakista McCuller 197
5%
Points 4 Sam Ranzino 1,965
5%
Games T7 Sam Ranzino 131
5%
Games 10 Bennie Bolton 130
0%
Rebounds 3 Bob Speight 1,057
0%
Blocks 6 Damon Thornton 146
0%
Points Per Game 10 Ed Leftwich 16.4
0%
Blocks 9 Glenn Sudhop 117
0%
Assists 7 Ishua Benjamin 435
0%
Steals 4 Ishua Benjamin 195
0%
Field Goal Percent 2 Paul Coder 56.7%
0%
Games T7 Paul Horvath 131
0%
Points Per Game 4 Vann Williford 19.0
0%
No matching quizzes found
Score Distribution
Percent of People with Each Score
Percentile by Number Answered
Your Score History
You have not taken this quiz since the last reset